000
00301nam a2200121Ia 4500
005
20251222144654.0
008
251222s9999||||xx |||||||||||||| ||spa||
082
_a
290/F81
100
_a
Franco, Segundo
245
0
_a
Los Errores del Protestántismo
264
_b
Apostolado de la Prensa
942
_c
LIB
999
_c
17188
_d
17188